| 000 | 01029nam a22003137a 4500 | ||
|---|---|---|---|
| 001 | 8029 | ||
| 003 | FISKH | ||
| 005 | 20250819105116.0 | ||
| 008 | 250819b cb ||||| |||| 00| 0 eng d | ||
| 020 | _a078073004997 | ||
| 040 |
_aFISKH _beng _cFISKH _dFISKH |
||
| 050 | _a PZ7.M26572 .2 | ||
| 082 | _a813.54 | ||
| 100 | _aMoore, Eva | ||
| 245 |
_aThe search for the missing bones / _cWritten by Eva Moore : Illustrations by Ted Enik |
||
| 260 |
_aNew York : _bScholastic , _c1999. |
||
| 300 |
_a74 pages : _billustrations ; _c20 cm . |
||
| 490 |
_aThe magic school bus ( Science chapter books ) _vBook 2 |
||
| 505 | _aQ | ||
| 520 | _aMs. Frizzle and her class go to the Hugh Mann Costume Company to track down the missing bones for their skeleton costumes. | ||
| 521 | 8 |
_a660
_bLexile |
|
| 521 | 8 |
_aQ
_bRaz-Plus |
|
| 650 |
_aAnatomy _vFiction |
||
| 650 |
_aHealth _vFiction |
||
| 700 |
_aEnik, Ted _eIllustrator |
||
| 700 |
_aKoblish, Peter _eDesigner |
||
| 942 |
_2ddc _cBK _n0 |
||
| 999 |
_c8029 _d8029 |
||